[Event "Druzynowe Mistrzostwa Polski Juniorow - II liga"]
[Site "Sypniewo k. Jastowia"]
[Date "2024-06-17"]
[Round "9.80"]
[White "Rzenca, Jerzy"]
[Black "Burda, Igor"]
[Result "1-0"]
[WhiteTitle "I"]
[BlackTitle "II+"]
[WhiteElo "1875"]
[BlackElo "1648"]

1. e4 e6 2. d4 d5 3. Nd2 dxe4 4. Nxe4 Nd7 5. Nf3 Ngf6 6. Nxf6+ Nxf6 7. Bd3 c5 8.
c3 cxd4 9. Nxd4 Bc5 10. O-O O-O 11. Bg5 h6 12. Bh4 Be7 13. Bc2 Qd5 14. Qd3 g6
15. Rfe1 b6 16. Bb3 Qh5 17. Bg3 g5 18. Bc2 g4 19. Re5 Qg6 20. Qxg6+ fxg6 21. Nxe6
Bxe6 22. Rxe6 Rf7 23. Bb3 Kf8 24. Bd6 Rd8 25. Bxe7+ Rxe7 26. Rxf6+ Kg7 27. Re6
Red7 28. Rae1 Rd2 29. g3 Rf8 30. R1e2 Rd3 31. Re7+ Kf6 32. R2e6+ Kg5 33. Bc2 Rd5
34. Rxg6+ Kh5 35. Rh7 Rd1+ 36. Kg2 Rd2 37. Rhxh6# 1-0

[Event "Druzynowe Mistrzostwa Polski Juniorow - II liga"]
[Site "Sypniewo k. Jastowia"]
[Date "2024-06-17"]
[Round "9.81"]
[White "Bak, Patryk"]
[Black "Ozog, Bartosz"]
[Result "0-1"]
[WhiteTitle "II"]
[BlackTitle "I"]
[WhiteElo "1503"]
[BlackElo "1747"]

1. e4 c5 2. Nf3 a6 3. c4 Nc6 4. d4 cxd4 5. Nxd4 e5 6. Nxc6 bxc6 7. Nc3 Nf6 8. Be2
Be7 9. O-O Bb7 10. f4 d6 11. Kh1 Qc7 12. Be3 Rd8 13. Qb3 Qb8 14. Rad1 O-O 15.
f5 Ba8 16. Qc2 d5 17. cxd5 cxd5 18. exd5 Nxd5 19. Nxd5 Bxd5 20. f6 Bxf6 21. Rxf6
gxf6 22. Bh6 Be6 23. Bxf8 Rxd1+ 24. Bxd1 Kxf8 25. b3 Qb4 26. h3 e4 27. Be2 a5
28. Qc7 Kg7 29. Kh2 a4 30. g4 e3 31. Kg3 Bd5 32. Qc1 axb3 33. axb3 Qxb3 34. Qf1
Qc3 35. h4 Qe5+ 36. Qf4 h6 37. h5 Kf8 38. Qxe5 fxe5 39. Kh4 f6 40. Bf1 Ke7 41.
Kg3 Kd6 42. Be2 Kc5 43. Bf3 Bxf3 44. Kxf3 Kd4 45. Ke2 Ke4 46. g5 fxg5 47. Ke1
Kd3 48. Kd1 e4 49. Ke1 0-1

[Event "Druzynowe Mistrzostwa Polski Juniorow - II liga"]
[Site "Sypniewo k. Jastowia"]
[Date "2024-06-17"]
[Round "9.85"]
[White "Lochinski, Pawel"]
[Black "Jablonski, Piotr"]
[Result "1-0"]
[WhiteTitle "I"]
[BlackTitle "II"]
[WhiteElo "1857"]
[BlackElo "1570"]

1. e4 c5 2. Nf3 Nc6 3. d4 cxd4 4. Nxd4 g6 5. c4 Nf6 6. Nc3 d6 7. Be2 Nxd4 8. Qxd4
Bg7 9. Be3 O-O 10. Qd2 Re8 11. O-O Be6 12. Rac1 a6 13. f3 Rc8 14. b3 Qa5 15. Rfd1
Nd7 16. Nd5 Qxd2 17. Rxd2 b5 18. Rdc2 Bxd5 19. cxd5 Rxc2 20. Rxc2 Ra8 21. Rc7
Nf6 22. Rxe7 Rc8 23. Ra7 Rc2 24. Ra8+ Bf8 25. Kf1 Rxa2 26. Bxb5 Kg7 27. Rxa6 Rxa6
28. Bxa6 Be7 29. Bd4 Bd8 30. b4 Kf8 31. Bc8 Ke8 32. b5 Nd7 33. Bxd7+ Kxd7 34.
f4 f6 35. Ke2 Kc8 36. Kd3 Kd7 37. Kc4 Kc8 38. g4 h6 39. h4 Kb7 40. h5 gxh5 41.
gxh5 Kc8 42. e5 fxe5 43. fxe5 dxe5 44. Bxe5 Kb7 45. Bf4 1-0

[Event "Druzynowe Mistrzostwa Polski Juniorow - II liga"]
[Site "Sypniewo k. Jastowia"]
[Date "2024-06-17"]
[Round "9.87"]
[White "Modzelan, Wojciech"]
[Black "Wilman, Maciej"]
[Result "1/2-1/2"]
[WhiteTitle "II"]
[BlackTitle "II"]
[WhiteElo "1568"]
[BlackElo "1503"]

1. Nf3 Nf6 2. d4 d5 3. Bf4 c6 4. Nbd2 e6 5. e3 Be7 6. Be2 Nbd7 7. O-O O-O 8. Rc1
Nh5 9. Bg3 Nxg3 10. hxg3 Bd6 11. c4 Re8 12. Qc2 e5 13. cxd5 cxd5 14. dxe5 Nxe5
15. Rfd1 Be6 16. Nxe5 Bxe5 17. Nf3 Bf6 18. Qd2 Qb6 19. Rc2 Bf5 20. Bd3 Be4 21.
Qe2 Rad8 22. Rdd2 Qa5 23. a3 g6 24. Bxe4 dxe4 25. Nh2 Bg7 26. Nf1 Qb6 27. Rc1
Rxd2 28. Qxd2 Qxb2 29. Qxb2 Bxb2 30. Rb1 Bxa3 31. Rxb7 Bc5 32. Nd2 a5 33. Nb3
Bd6 34. Rb5 Ra8 35. g4 Bf8 36. Nxa5 Rc8 37. Nb3 Rc3 38. g3 Kg7 39. Nd2 Rc5 40.
Rxc5 Bxc5 41. Nxe4 Bb4 42. Kg2 Be7 43. f4 Bd8 44. Kf3 Bb6 45. g5 Bd8 46. g4 Be7
47. f5 gxf5 48. gxf5 Bd8 49. Ng3 Bxg5 50. Ne4 Bd8 51. Ng3 1/2-1/2

[Event "Druzynowe Mistrzostwa Polski Juniorow - II liga"]
[Site "Sypniewo k. Jastowia"]
[Date "2024-06-17"]
[Round "9.89"]
[White "Babinska, Liwia"]
[Black "Pietrzak, Emilia"]
[Result "0-1"]
[WhiteTitle "I"]
[BlackTitle "I++"]
[WhiteElo "1702"]
[BlackElo "1760"]

1. e4 c5 2. Nf3 e6 3. d4 cxd4 4. Nxd4 a6 5. a3 Nf6 6. Nc3 Qc7 7. Be2 b5 8. O-O
Bb7 9. Bf3 d6 10. Re1 Nbd7 11. Bg5 Be7 12. Qd2 h6 13. Bxf6 Bxf6 14. Kh1 O-O 15.
Bg4 Rfe8 16. f4 Nb6 17. b3 Rac8 18. Re3 Red8 19. Nce2 Nd7 20. Rc3 Qb6 21. Rxc8
Rxc8 22. Bf3 Nc5 23. Qe3 e5 24. fxe5 dxe5 25. Nf5 Bg5 26. Qf2 Qc7 27. h4 Bf6 28.
Qe3 Ne6 29. Rc1 Rd8 30. b4 Qd7 31. c4 bxc4 32. Rxc4 Bc6 33. Rc1 Nd4 34. Nexd4
exd4 35. Qf4 Qe6 36. Qg4 Kh8 37. Re1 Be5 38. Qh3 d3 39. Bg4 Qc4 40. Qe3 Qe6 41.
Qf3 Qf6 42. Rd1 Bb5 43. Qe3 Rc8 44. Nxh6 Qxh4+ 45. Qh3 Qxh3+ 46. Bxh3 Rc7 47.
Ng4 Bf4 48. Nf2 d2 49. Bg4 Ba4 50. Rf1 Rc1 51. Nd1 g5 52. Kg1 Bb5 0-1

[Event "Druzynowe Mistrzostwa Polski Juniorow - II liga"]
[Site "Sypniewo k. Jastowia"]
[Date "2024-06-17"]
[Round "9.91"]
[White "Bochenek, Piotr"]
[Black "Niesporek, Franciszek"]
[Result "0-1"]
[WhiteTitle "II+"]
[BlackTitle "I"]
[WhiteElo "1796"]
[BlackElo "1782"]

1. d4 g6 2. c4 Bg7 3. Nc3 c5 4. d5 Bxc3+ 5. bxc3 f5 6. Nf3 Qa5 7. Qc2 d6 8. Rb1
Nf6 9. Rb3 Qa4 10. e3 Nbd7 11. Bd3 Nb6 12. Nd2 e5 13. dxe6 Bxe6 14. O-O Nfd7 15.
e4 f4 16. e5 dxe5 17. Ne4 O-O 18. Ng5 Bf5 19. Re1 Qc6 20. g3 Rae8 21. Rb1 Bxd3
22. Qxd3 Nf6 23. gxf4 e4 24. Qh3 Nh5 25. Rb2 h6 26. f3 hxg5 27. Rg2 exf3 28. Rxe8
Qxe8 29. Rxg5 Qe1+ 30. Qf1 Qxf1+ 31. Kxf1 Nxf4 0-1

[Event "Druzynowe Mistrzostwa Polski Juniorow - II liga"]
[Site "Sypniewo k. Jastowia"]
[Date "2024-06-17"]
[Round "9.92"]
[White "Zimny, Karol"]
[Black "Czech, Emil"]
[Result "1-0"]
[WhiteTitle "II"]
[BlackTitle "II+"]
[WhiteElo "1725"]
[BlackElo "1680"]

1. e4 e6 2. d4 d5 3. exd5 exd5 4. Bd3 Bd6 5. Qf3 Nf6 6. h3 Be6 7. Ne2 c6 8. O-O
Nbd7 9. c3 O-O 10. Bf4 Bxf4 11. Nxf4 Re8 12. Nd2 c5 13. dxc5 Nxc5 14. Bb5 Re7
15. Nb3 Nxb3 16. axb3 Qb6 17. Nxe6 fxe6 18. Ba4 Ne4 19. Qe3 Qxe3 20. fxe3 a6 21.
b4 Nd2 22. Rf2 Nc4 23. Re2 b5 24. Bxb5 Nd6 25. Rxa6 Rxa6 26. Bxa6 Ra7 27. Bd3
e5 28. Bc2 Nc4 29. Bb3 e4 30. Bxc4 dxc4 31. Rd2 Ra1+ 32. Kf2 Ra2 33. Kg3 g5 34.
Rd4 Rxb2 35. Rxe4 h5 36. h4 1-0

[Event "Druzynowe Mistrzostwa Polski Juniorow - II liga"]
[Site "Sypniewo k. Jastowia"]
[Date "2024-06-17"]
[Round "9.93"]
[White "Lisek, Adam"]
[Black "Lassak, Franciszek"]
[Result "1/2-1/2"]
[WhiteTitle "II"]
[BlackTitle "II"]
[WhiteElo "1502"]
[BlackElo "1533"]

1. e4 d5 2. exd5 Qxd5 3. Nc3 Qd6 4. Bc4 Nf6 5. h3 Nc6 6. Nf3 e6 7. d3 Nd5 8. Nxd5
exd5 9. Bb3 Be6 10. Ba4 b5 11. Bb3 Be7 12. O-O O-O 13. Ng5 Bxg5 14. Bxg5 h6 15.
Bh4 Nd4 16. Bg3 Qd8 17. Qd2 c5 18. c3 Nxb3 19. axb3 d4 20. c4 bxc4 21. bxc4 Qb6
22. Qa5 Rfc8 23. Qxb6 axb6 24. Rxa8 Rxa8 25. Bc7 Ra6 26. g4 Kf8 27. Bd6+ Ke8 28.
b4 Ra3 29. Rd1 cxb4 30. Bxb4 Rb3 31. Bd6 h5 32. gxh5 Bxh3 33. Be5 Bf5 34. Re1
Kf8 35. Bxd4 Bxd3 36. Rc1 Be2 37. c5 bxc5 38. Rxc5 Rb8 39. Be3 Kg8 40. Kg2 Rb5
41. Rxb5 1/2-1/2

[Event "Druzynowe Mistrzostwa Polski Juniorow - II liga"]
[Site "Sypniewo k. Jastowia"]
[Date "2024-06-17"]
[Round "9.94"]
[White "Karnowka, Kacper"]
[Black "Pisarski, Marek"]
[Result "1-0"]
[WhiteTitle "II"]
[BlackTitle "II"]
[WhiteElo "1510"]
[BlackElo "1423"]

1. e4 c5 2. Nf3 g6 3. c3 d5 4. e5 Nc6 5. d4 Bg4 6. Be2 Bxf3 7. Bxf3 f6 8. exf6
Nxf6 9. dxc5 e5 10. b4 a6 11. O-O Bg7 12. Bg5 e4 13. Bg4 Kf7 14. a3 h6 15. Bxf6
Qxf6 16. Qxd5+ Kf8 17. Qxe4 Re8 18. Qf3 Qxf3 19. Bxf3 Kg8 20. Ra2 Kh7 21. Rd2
Rhf8 22. Rd7 Ne5 23. Rxb7 Nxf3+ 24. gxf3 Rxf3 25. Ra7 Re5 26. c6 Rg5+ 27. Kh1
Rf8 28. Rxa6 Be5 29. b5 Rf4 30. Ra7+ Kg8 31. c7 Rf8 32. Rd1 Bxh2 33. Rd8 Bxc7
34. Rxf8+ Kxf8 35. Rxc7 Rxb5 36. Nd2 Rb2 37. Rd7 Ra2 38. Ne4 Rxa3 39. Rd6 Kg7
40. Kg2 Ra4 41. Rd4 Ra5 42. f4 Kf7 43. Kf3 Ke6 44. Rd6+ Kf7 45. Rb6 1-0

[Event "Druzynowe Mistrzostwa Polski Juniorow - II liga"]
[Site "Sypniewo k. Jastowia"]
[Date "2024-06-17"]
[Round "9.95"]
[White "Dudek, Julia"]
[Black "Nieckarz, Maja"]
[Result "0-1"]
[WhiteTitle "II"]
[BlackTitle "I++"]
[WhiteElo "1408"]
[BlackElo "1745"]

1. e4 d5 2. exd5 Nf6 3. Nc3 Nxd5 4. Nf3 Nb6 5. d4 Bg4 6. Be3 e6 7. Bd3 Nc6 8. Bb5
Bd6 9. O-O O-O 10. h3 Bh5 11. Be2 Bg6 12. Bd3 Ne7 13. a3 c6 14. Bg5 f6 15. Bxg6
Nxg6 16. Be3 Nd5 17. Nxd5 exd5 18. Rc1 Qd7 19. b4 a5 20. c3 Nf4 21. Bxf4 Bxf4
22. Rc2 axb4 23. axb4 Ra4 24. Re1 Rfa8 25. Rce2 Ra3 26. Re7 Qxe7 27. Rxe7 Ra1
28. Re1 Rxd1 29. Rxd1 Ra3 30. g3 Rxc3 31. gxf4 Rxf3 32. Kg2 Rb3 33. Rd3 Rxd3 34.
f5 Rxd4 35. b5 c5 36. b6 c4 0-1